| 000 | 00746nam a2200265 a 4500 | ||
|---|---|---|---|
| 999 |
_c492 _d492 |
||
| 001 | 4178 | ||
| 003 | BD-DhUAP | ||
| 005 | 20200126134029.0 | ||
| 008 | 100110r20011962enk b 001 0 eng d | ||
| 020 | _a0043000266 | ||
| 020 | _a0043000274 | ||
| 040 |
_aDLC _cDLC _dDLC _dBD-DhUAP _bEng |
||
| 082 | 0 | 0 |
_a301 BOT _223 |
| 100 | 1 | _aBottomore, T. B. | |
| 245 | 1 | 0 |
_aSociology : _ba guide to problems and literature / _cT. B. Bottomore. |
| 250 | _anew ed. | ||
| 260 |
_aNew Delhi : _bBlackie & Son, _cc1962 [Reprinted 2001]. |
||
| 300 |
_a354 pages ; _c23 cm. |
||
| 504 | _aIncludes bibliography and index. | ||
| 650 | 0 | _aSociology. | |
| 650 | 0 | _aSocial problem. | |
| 942 |
_2ddc _cBK |
||